[Event "Karposh Open 2012"]
[Site "Skopje MKD"]
[Date "2012.04.08"]
[Round "3.36"]
[White "Kukov,T"]
[Black "Raeva,E"]
[Result "1-0"]
[WhiteElo "2112"]
[BlackElo "2292"]

1.e4 g6 2.d4 Bg7 3.Nc3 d6 4.Be3 Nd7 5.Nf3 e6 6.Be2 a6 7.a4 Ne7 8.Qd2 h6 9.Rd1 Nf6
10.h3 Bd7 11.O-O Bc6 12.Bd3 d5 13.Ne5 Nxe4 14.Bxe4 dxe4 15.Nxc6 Nxc6 16.Nxe4 Qh4
17.Nc5 O-O-O 18.c3 e5 19.d5 Ne7 20.Qe2 Rd6 21.c4 Nf5 22.Nxb7 Kxb7 23.c5 Nxe3
24.Qxe3 Rf6 25.c6+ Ka8 26.Qe2 Qb4 27.Qxa6+ Kb8 28.d6 cxd6 29.Rd5  1-0

[Event "Karposh Open 2012"]
[Site "Skopje MKD"]
[Date "2012.04.08"]
[Round "3.8"]
[White "Pancevski,F"]
[Black "Chatalbashev,B"]
[Result "1/2-1/2"]
[WhiteElo "2470"]
[BlackElo "2570"]

1.e4 g6 2.d4 Bg7 3.Nc3 d6 4.Be3 a6 5.a4 b6 6.g3 Nf6 7.h3 Bb7 8.Bg2 O-O 9.Nge2 b5
10.O-O b4 11.Nd5 Nbd7 12.Nxb4 Bxe4 13.Bxe4 Nxe4 14.Qd3 Ndf6 15.f3 c5 16.Nxa6 Qc8
17.dxc5 Qxh3 18.fxe4 Ng4 19.Rf2 Nxe3 20.Qxe3 Rxa6 21.cxd6 Rxd6 22.e5 Re6
23.Nf4 Qh6 24.Qf3 Rxe5 25.c3 g5 26.Nd3 g4 27.Qxg4 Rg5 28.Qf3 e5 29.Re1 Qg6
30.Kh2 Rd8 31.Re3 h5 32.Rfe2 h4 33.gxh4 Rg4 34.Rg2 Rxh4+ 35.Kg1 Qh6 36.Nf2 f5
37.Re1 e4 38.Qg3 Rd2 39.Qg5 Qxg5 40.Rxg5 Rf4 41.Nh3 Rf3 42.Rg2 e3 43.Ng5 Rff2
44.Rg3 Be5 45.Rgxe3 Rg2+ 46.Kh1 Rh2+ 47.Kg1 Rhg2+ 48.Kh1 Rh2+ 49.Kg1 Rdg2+
50.Kf1 Rf2+ 51.Kg1 Rfg2+ 52.Kf1 Rxb2 53.R3e2 Bxc3 54.Rxb2 Rxb2 55.Re2 Rb1+
56.Kg2 Kg7 57.Ra2 Kf6 58.Nf3 Ba5 59.Ra1 Rb4  1/2-1/2

[Event "Karposh Open 2012"]
[Site "Skopje MKD"]
[Date "2012.04.08"]
[Round "3.47"]
[White "Nikolovska,D"]
[Black "Vukovic,Ivo"]
[Result "0-1"]
[WhiteElo "1773"]
[BlackElo "2229"]

1.e4 g6 2.d4 Bg7 3.Nc3 d6 4.Bd3 Nd7 5.Nf3 e5 6.Bg5 Ngf6 7.Qd2 h6 8.Bh4 c6
9.O-O a6 10.a4 Qe7 11.Rfe1 g5 12.Bg3 Nh5 13.d5 c5 14.Ne2 Bf8 15.h3 Bg7 16.a5 Nhf6
17.Nh2 c4 18.Bxc4 Nxe4 19.Qb4 f5 20.Nf1 O-O 21.Nd2 Nxd2 22.Qxd2 Qf6 23.Bh2 Kh8
24.Ng3 Qg6 25.Qe2 e4 26.Rab1 Be5 27.Qh5 Qxh5 28.Nxh5 Bxh2+ 29.Kxh2 Ne5 30.Be2 f4
31.g3 Bd7 32.gxf4 gxf4 33.Rg1 Rf7 34.b4 Rc8 35.Rb2 Rc3 36.Bg4 Bxg4  0-1

[Event "Karposh Open 2012"]
[Site "Skopje MKD"]
[Date "2012.04.09"]
[Round "4.21"]
[White "Djukic,Ni"]
[Black "Mitkovski,Z"]
[Result "1-0"]
[WhiteElo "2513"]
[BlackElo "2185"]

1.e4 g6 2.d4 Bg7 3.Nc3 d6 4.f4 c6 5.Nf3 Bg4 6.Be3 e6 7.h3 Bxf3 8.Qxf3 d5
9.e5 Qa5 10.O-O-O Nd7 11.g4 b5 12.Kb1 b4 13.Ne2 c5 14.dxc5 Nxc5 15.Nd4 a6
16.f5 gxf5 17.gxf5 Qc7 18.fxe6 fxe6 19.Nxe6 Nxe6 20.Qxd5 Qxe5 21.Qxa8+ Kf7
22.Bc1 Ne7 23.Qf3+ Bf6 24.Bc4 Kf8 25.Rhf1  1-0

[Event "Karposh Open 2012"]
[Site "Skopje MKD"]
[Date "2012.04.09"]
[Round "4.45"]
[White "Jonoska,K"]
[Black "Stojanovic,Andj"]
[Result "0-1"]
[WhiteElo "1982"]
[BlackElo "2324"]

1.e4 g6 2.d4 Bg7 3.Nc3 d6 4.Be3 c6 5.Bd3 Nf6 6.f3 O-O 7.Nge2 b5 8.a3 a6 9.O-O Qc7
10.Qd2 e5 11.dxe5 dxe5 12.Bh6 Nbd7 13.Ng3 Nc5 14.Bxg7 Kxg7 15.Rad1 Rd8 16.Qe3 Ne6
17.Rfe1 Qa7 18.Qxa7 Rxa7 19.Bf1 Nd4 20.Kh1 Be6 21.Nce2 Rad7  0-1

[Event "Campomanes Mem GM Open"]
[Site "Bandar Seri Begawan BRU"]
[Date "2012.04.10"]
[Round "5.6"]
[White "Yeoh,L"]
[Black "Bitoon,R"]
[Result "1/2-1/2"]
[WhiteElo "2204"]
[BlackElo "2455"]

1.e4 d6 2.d4 g6 3.Nc3 Bg7 4.Be2 c6 5.Nf3 b5 6.a3 Bb7 7.O-O Nd7 8.h3 a5 9.a4 b4
10.Nb1 d5 11.e5 e6 12.c3 c5 13.dxc5 Ne7 14.cxb4 axb4 15.Bg5 h6 16.Be3 O-O
17.Bb5 Ba6 18.Nbd2 Nf5 19.Qe2 Nxe3 20.Qxe3 Qc7 21.Bxa6 Rxa6 22.Rfe1 Qxc5
23.Qe2 Qa7 24.b3 Rc6 25.Qb5 Rb6 26.Qd3 Rc8 27.Qe3 Rc3 28.Qf4 Qb8 29.h4 Nc5
30.Re3 Nd3 31.Qd4 Bf8 32.Rxd3 Bc5 33.Qxc3 bxc3 34.Rxc3 Bb4 35.Rc2 Bxd2 36.Rxd2 Rxb3
37.Rdd1 Qb4 38.Rd4 Qb6 39.Rd2 Qb4 40.Rd4 Qc5 41.Rd2 Ra3 42.Rxa3 Qxa3 43.Rd4 Qa2
44.g3 Kf8 45.Kg2 Qb2 46.Rd2 Qa1 47.Rd4 Ke7 48.Rf4 Qb1 49.Nd4 Qb7 50.Nf3 Qb8
51.Nd4 Ke8 52.Nf3 Kf8 53.Rd4 Kg7 54.Rf4 Qc7 55.Kg1 Qc2 56.Kg2 Qe2 57.Rb4 g5
58.hxg5 hxg5 59.Rg4 Kf8 60.Rxg5 Qe4 61.Rh5 Qxa4 62.Rh4 Qa1 63.Rf4 Ke7 64.Kh2 Qb2
65.Kg2  1/2-1/2

[Event "Sydney International Open"]
[Site "Parramatta AUS"]
[Date "2012.04.11"]
[Round "2.4"]
[White "Czebe,A"]
[Black "Scharrer,P"]
[Result "1-0"]
[WhiteElo "2477"]
[BlackElo "2283"]

1.e4 g6 2.d4 Bg7 3.Nc3 d6 4.Bc4 e6 5.h4 h6 6.h5 g5 7.f4 gxf4 8.Bxf4 Nc6 9.Nf3 Nf6
10.Qe2 a6 11.Bb3 Qe7 12.e5 dxe5 13.dxe5 Nd7 14.O-O-O b6 15.Bg3 Bb7 16.Bh4 Qb4
17.Kb1 Ndxe5 18.Ne4 Ng4 19.Nd4 Nce5 20.Rhf1 c5 21.Nd6+  1-0

[Event "Karposh Open 2012"]
[Site "Skopje MKD"]
[Date "2012.04.11"]
[Round "6.48"]
[White "Ljangov,P"]
[Black "Mitkovski,Z"]
[Result "1/2-1/2"]
[WhiteElo "2089"]
[BlackElo "2185"]

1.e4 g6 2.d4 Bg7 3.Nc3 d6 4.Nge2 Nf6 5.g3 O-O 6.Bg2 e5 7.O-O c6 8.a4 a5 9.h3 Na6
10.Be3 Re8 11.g4 Nb4 12.Ng3 exd4 13.Bxd4 d5 14.exd5 Nbxd5 15.Nxd5 Nxd5 16.Bxg7 Kxg7
17.Qd4+ Qf6 18.Qxf6+ Nxf6 19.g5 Nd5 20.Bxd5 cxd5 21.h4 Be6 22.f4 Rac8 23.c3 Bd7
24.Rfd1 Bc6  1/2-1/2

[Event "Sydney International Open"]
[Site "Parramatta AUS"]
[Date "2012.04.13"]
[Round "5.6"]
[White "Horvath,Ad1"]
[Black "Scharrer,P"]
[Result "1-0"]
[WhiteElo "2487"]
[BlackElo "2283"]

1.e4 g6 2.d4 Bg7 3.Nc3 d6 4.h4 Nf6 5.f3 a6 6.Be3 b5 7.Qd2 h5 8.O-O-O Nbd7
9.Nh3 Bb7 10.Ng5 O-O 11.g4 b4 12.Ne2 c5 13.Ng3 Qa5 14.Kb1 Nb6 15.gxh5 Na4
16.Bc4 d5 17.Bb3 Nc3+ 18.bxc3 bxc3 19.Qe1 c4 20.e5 cxb3 21.axb3 Nd7 22.hxg6 Rfc8
23.gxf7+ Kh8 24.f4 Rc6 25.Nf5 Rac8 26.e6 Nf6 27.Nxe7 Bf8 28.Nxc6 Rxc6 29.Bc1 Qb4
30.Rg1 Rb6 31.Qe5 Qe7 32.Ne4 dxe4 33.Rg8+  1-0

[Event "Karposh Open 2012"]
[Site "Skopje MKD"]
[Date "2012.04.13"]
[Round "8.17"]
[White "D'Costa,L"]
[Black "Drenchev,P"]
[Result "1-0"]
[WhiteElo "2420"]
[BlackElo "2499"]

1.e4 g6 2.d4 Bg7 3.Nc3 d6 4.Be3 a6 5.Qd2 b5 6.h4 Nf6 7.f3 Nbd7 8.g4 h6 9.O-O-O Bb7
10.Nh3 c5 11.g5 hxg5 12.Nxg5 cxd4 13.Bxd4 Rc8 14.Kb1 Qa5 15.Bh3 e5 16.Be3 Rc6
17.f4 Kf8 18.Bxd7 Nxd7 19.Qd5  1-0

[Event "Karposh Open 2012"]
[Site "Skopje MKD"]
[Date "2012.04.14"]
[Round "9.43"]
[White "Ilic,Ljubo"]
[Black "Semsiu,Agim"]
[Result "1-0"]
[WhiteElo "2199"]
[BlackElo "1988"]

1.e4 d6 2.d4 g6 3.Nc3 Bg7 4.Be3 Nf6 5.f3 O-O 6.Qd2 Nfd7 7.O-O-O c6 8.g4 b5
9.h4 Nb6 10.Bh6 Be6 11.Bxg7 Kxg7 12.b3 h5 13.g5 N8d7 14.d5 cxd5 15.exd5 Bf5
16.Nxb5 Qc8 17.Nd4 Ne5 18.Nxf5+ gxf5 19.f4 Ng4 20.Ne2 Qc5 21.Nd4 Qa3+ 22.Kb1 Na4
23.bxa4 Rfb8+ 24.Nb3 Rb4 25.Bb5 a6 26.Bc6 Rab8 27.Rh3 Re4 28.c3 Kg6 29.Bd7 e5
30.dxe6 fxe6 31.c4 Kf7 32.Rc3 Qb4 33.Bc6 Rxf4 34.Qxf4 Qxc3  1-0

[Event "Karposh Open 2012"]
[Site "Skopje MKD"]
[Date "2012.04.14"]
[Round "9.39"]
[White "Orehek,S"]
[Black "Drljevic,L"]
[Result "0-1"]
[WhiteElo "1992"]
[BlackElo "2278"]

1.e4 d6 2.d4 g6 3.Nc3 Bg7 4.Be3 c6 5.Qd2 Nd7 6.a4 Ngf6 7.g3 h5 8.Nge2 Qc7
9.Nc1 O-O 10.Bh6 e5 11.Bxg7 Kxg7 12.dxe5 Nxe5 13.Be2 Be6 14.b3 d5 15.exd5 Rad8
16.O-O Bxd5 17.Qg5 Rfe8 18.a5 b6 19.a6 b5 20.Nd3 Bxb3 21.Ne4 Nh7 22.Qc1 Bc4
23.Qb2 Qb6 24.Kh1 Qd4 25.c3 Nxd3 26.Bxd3 Qxd3 27.Nc5 Qd2 28.Qxd2 Rxd2 29.Rfd1 Ree2
30.Rxd2 Rxd2 31.h3 Nf6 32.Re1 Rd5 33.Re7 Rxc5 34.Rxa7 Rd5  0-1

[Event "14th Dubai Open 2012"]
[Site "Dubai UAE"]
[Date "2012.04.15"]
[Round "1.16"]
[White "Abdumalik,Z"]
[Black "Andriasian,Z"]
[Result "0-1"]
[WhiteElo "2137"]
[BlackElo "2616"]

1.e4 d6 2.d4 g6 3.Nc3 Bg7 4.Be3 a6 5.a4 Nc6 6.h3 e5 7.Nge2 Nf6 8.g3 Bd7 9.Bg2 Qc8
10.g4 O-O 11.O-O exd4 12.Nxd4 Re8 13.Re1 h5 14.f3 Rb8 15.Qd2 Ne5 16.b3 b5
17.axb5 axb5 18.f4 hxg4 19.fxe5 dxe5 20.Nde2 gxh3 21.Bh1 Bc6 22.Ng3 b4 23.Nd5 Bxd5
24.exd5 Qg4 25.Bf2 e4 26.Kh2 Rb5 27.Rad1 Rxd5 28.Qe2 Rg5 29.Nxe4 Qf4+ 30.Bg3 Rxg3
31.Nxf6+ Bxf6 32.Qxe8+ Kg7  0-1

[Event "Belgrade Cup Final 2012"]
[Site "Belgrade SRB"]
[Date "2012.04.19"]
[Round "2.2"]
[White "Lukovic,V"]
[Black "Indjic,A"]
[Result "0-1"]
[WhiteElo "2325"]
[BlackElo "2430"]

1.e4 g6 2.d4 Bg7 3.Nc3 d6 4.Nge2 Nd7 5.g3 c5 6.d5 Ngf6 7.Bg2 O-O 8.O-O Rb8
9.a4 a6 10.a5 Ne8 11.f4 Nc7 12.Qd3 b5 13.axb6 Nxb6 14.Bd2 f5 15.Rfe1 fxe4
16.Bxe4 e6 17.Be3 exd5 18.Nxd5 Nbxd5 19.Bxd5+ Nxd5 20.Qxd5+ Kh8 21.Rad1 Rf6
22.Nc3 Bb7 23.Qd3 Qd7 24.Nd5 Rf5 25.c4 Rh5 26.h4 Bxd5 27.cxd5 Qg4 28.Bf2 Rxh4
29.Qe2 Qxe2 30.Rxe2 Rh5 31.g4 Rh3 32.Ra1 Rd3 33.Rxa6 Rxd5 34.Ra7 Bxb2 35.Ree7 h5
36.Rh7+ Kg8 37.Rh6 hxg4 38.Rxg6+ Kf8 39.Rd7 Rd2 40.Rdxd6 Bd4 41.Rgf6+ Kg7
42.Rg6+ Kf7 43.Rgf6+ Bxf6 44.Rxd2 c4 45.f5 c3 46.Rd7+ Ke8 47.Rc7 Rb2 48.Rc4 Rd2
49.Be3 Rd3 50.Kf2 g3+ 51.Ke2 Rd5 52.Kf3 Rxf5+ 53.Kxg3 Kd7 54.Bc5 Kc6 55.Bd4+ Kb5
56.Rxc3 Bxd4 57.Rf3 Rc5 58.Kg4 Kc4 59.Rf5 Rc7 60.Rf8 Kd3 61.Kf5 Rc1 62.Re8 Rf1+
63.Kg4 Be3 64.Kg3 Rf5 65.Kg4 Rf4+ 66.Kg3 Ke2 67.Rh8 Rf6 68.Rh2+ Kd3 69.Rh8 Bf4+
70.Kg4 Ke4 71.Ra8 Rg6+ 72.Kh5 Rg7 73.Re8+ Kf3 74.Re1 Rg8 75.Rb1 Rg5+ 76.Kh4 Rg6
77.Rf1+ Ke4 78.Kh3 Rg3+ 79.Kh2 Ke3 80.Kh1 Be5 81.Rc1 Kf2 82.Rc2+ Kf3 83.Rh2 Bf4
84.Rh7 Kf2  0-1

[Event "Grand Congress Open"]
[Site "Bournemouth ENG"]
[Date "2012.04.22"]
[Round "4.19"]
[White "Lawson,Maurice E"]
[Black "Helbig,P"]
[Result "1-0"]
[WhiteElo "1875"]
[BlackElo "2122"]

1.e4 g6 2.d4 Bg7 3.Nc3 d6 4.Be3 a6 5.Qd2 b5 6.h4 h5 7.a4 b4 8.Nd1 Nf6 9.f3 a5
10.Bc4 d5 11.exd5 Nxd5 12.Ne2 Nxe3 13.Nxe3 O-O 14.O-O-O Nd7 15.g4 Nf6 16.Nf4 e6
17.gxh5 Nxh5 18.Nxh5 gxh5 19.Rhg1 c5 20.Nf5 Kh8 21.Rxg7 Qf6 22.Rg5  1-0

[Event "TCh-HUN 2011-12"]
[Site "Budapest HUN"]
[Date "2012.04.22"]
[Round "9"]
[White "Erdelyi,Z"]
[Black "Szieberth,A"]
[Result "1-0"]
[WhiteElo "2319"]
[BlackElo "2347"]

1.e4 g6 2.d4 Bg7 3.Nc3 d6 4.f4 a6 5.Be3 Nf6 6.Nf3 b5 7.e5 Ng4 8.Bg1 O-O 9.a4 b4
10.Nd5 a5 11.h3 Nh6 12.Bf2 c6 13.Ne3 f6 14.Bc4+ d5 15.Bd3 fxe5 16.fxe5 c5
17.dxc5 Nc6 18.Bg3 Bf5 19.Bb5 Na7 20.Qxd5+ Qxd5 21.Nxd5 Be4 22.Bc4 Kh8 23.O-O Nf5
24.Bf4 Rac8 25.Nb6 Rxc5 26.Ng5 Rxc4 27.Nxc4 Bxc2 28.Ne6 Rc8 29.Nxa5 Nc6 30.Nxc6 Rxc6
31.Nxg7 Kxg7 32.Bd2 b3 33.a5 Be4 34.Rac1 Rc2 35.Rxc2 bxc2 36.Kf2 Bd3 37.Ra1 Ba6
38.Bc3 e6 39.g4 Ne7 40.Ke3 Nd5+ 41.Kd2 Kf7 42.Kxc2 Ke7 43.b4 Nc7 44.Bd4 Kd7
45.Kb3 Be2 46.Ra2 Bf1 47.h4 h5 48.Rf2 Bb5 49.Rf6 Bd3 50.gxh5 gxh5 51.Rh6 Be2
52.Bb6 Nd5 53.Bc5 Nc7 54.Kc2 Bf3 55.Kd3 Kc6 56.Bd6 Nd5 57.Rxe6 Nf4+ 58.Ke3 Nxe6
59.Kxf3 Nd4+ 60.Ke4  1-0

[Event "14th Dubai Open 2012"]
[Site "Dubai UAE"]
[Date "2012.04.23"]
[Round "9.22"]
[White "Petrosian,DG"]
[Black "Temirov,B"]
[Result "1/2-1/2"]
[WhiteElo "2463"]
[BlackElo "2322"]

1.e4 d6 2.d4 g6 3.Nc3 Bg7 4.Be3 Nf6 5.f3 O-O 6.Qd2 e5 7.Nge2 exd4 8.Nxd4 d5
9.e5 Ne8 10.Bg5 Qd7 11.O-O-O Bxe5 12.Re1 f6 13.Bh6 Ng7 14.f4 Bxd4 15.Qxd4 Nf5
16.Qxd5+ Rf7 17.Qxf5 gxf5 18.Bc4 Nc6 19.Rd1 Na5 20.Rxd7 Bxd7 21.Bd3 c5 22.Rd1 Re8
23.Be2 Bc8  1/2-1/2

[Event "3rd LUC Open"]
[Site "Lille FRA"]
[Date "2012.04.23"]
[Round "1.9"]
[White "Feryn,B"]
[Black "Manolache,M"]
[Result "0-1"]
[WhiteElo "2124"]
[BlackElo "2561"]

1.e4 g6 2.d4 d6 3.Nc3 Bg7 4.f4 Nf6 5.Nf3 O-O 6.Bd3 Nc6 7.O-O Bg4 8.Be3 e5
9.Ne2 Bxf3 10.Rxf3 Ng4 11.fxe5 dxe5 12.d5 Nxe3 13.Rxe3 Ne7 14.c4 c6 15.Kh1 cxd5
16.cxd5 Nc8 17.Qb3 Nd6 18.Nc3 a6 19.Na4 b5 20.Nc3 Bh6 21.Rf3 Bd2 22.a4 Qh4
23.Qb4 Qe7 24.axb5 axb5 25.Raf1 Ra4 26.Qb3 Bxc3 27.bxc3 Qa7 28.Rf6 Qc5 29.Qc2 Ra3
30.Qf2 Qxf2 31.R1xf2 Rd8 32.h3 Rxc3 33.Bb1 Rc1+ 34.Rf1 Rdc8 35.Bd3 Rxf1+
36.Rxf1 Rc3 37.Rf6 Ne8 38.Rf3 b4 39.Bb5 Nd6 40.Rxc3 bxc3 41.Bd3 Nc4  0-1

[Event "3rd LUC Open"]
[Site "Lille FRA"]
[Date "2012.04.25"]
[Round "4.25"]
[White "Roger,M"]
[Black "Warkentin,J"]
[Result "1-0"]
[WhiteElo "2094"]
[BlackElo "1881"]

1.e4 g6 2.d4 d6 3.Nc3 Bg7 4.f4 c5 5.dxc5 dxc5 6.Qxd8+ Kxd8 7.Bd2 Bd7 8.Bc4 e6
9.e5 a6 10.Nf3 h6 11.Ne4 Bf8 12.Ba5+ Kc8 13.O-O-O b5 14.Be2 Bc6 15.Rd8+ Kb7
16.Rxf8 Bxe4 17.Rxf7+  1-0

[Event "69th ch-GEO w"]
[Site "Anaklia GEO"]
[Date "2012.04.28"]
[Round "1"]
[White "Gvetadze,Sopi"]
[Black "Batsiashvili,N"]
[Result "1-0"]
[WhiteElo "2334"]
[BlackElo "2438"]

1.e4 g6 2.d4 Bg7 3.Nc3 d6 4.Be3 c6 5.Qd2 Nd7 6.Nf3 b5 7.a4 b4 8.Nd1 Rb8 9.Bd3 Qc7
10.O-O Ngf6 11.Bh6 O-O 12.Bxg7 Kxg7 13.c3 c5 14.Ne3 e6 15.Rfe1 Bb7 16.e5 dxe5
17.dxe5 Ng8 18.Nc4 Bxf3 19.gxf3 Nb6 20.Nd6 bxc3 21.bxc3 Rbd8 22.Rab1 Qe7
23.a5 Nc8 24.Rb7 Rd7 25.Rxd7 Qxd7 26.Bxg6 Nxd6 27.Bc2 Qc6 28.exd6 Rd8 29.Qg5+  1-0

[Event "TCh-AUT 2 Mitte 2011-12"]
[Site "Fuerstenfeld AUT"]
[Date "2012.04.28"]
[Round "10"]
[White "Ertl,J"]
[Black "Webersberger,J"]
[Result "1/2-1/2"]
[WhiteElo "2274"]
[BlackElo "2380"]

1.e4 d6 2.d4 g6 3.Nc3 Bg7 4.Be3 a6 5.Qd2 b5 6.h4 h5 7.Nh3 Bxh3 8.Rxh3 Nf6
9.f3 c6 10.Nd1 Nbd7 11.Bg5 Qc7 12.Ne3 Nh7 13.O-O-O e5 14.dxe5 dxe5 15.g4 hxg4
16.Nxg4 Nxg5 17.hxg5 O-O-O 18.Nf2 Nf8 19.Qxd8+ Qxd8 20.Rxd8+ Kxd8 21.Rxh8 Bxh8
22.a4 Ne6 23.axb5 axb5 24.Nh3 Bg7 25.c3 Bf8 26.b4 Be7 27.Kd1 Kc7 28.Bd3 Bxg5
29.Bc2 Be3 30.Ke2 Ba7 31.Kd3 f6 32.Bb3 Kd6 33.Ke2 g5 34.Bc2 Nf8 35.Bb3 Ng6
36.Bf7 Nh4 37.Bh5 Kd7 38.Kd3 c5 39.bxc5 Bxc5 40.Bg4+ Kc6 41.Bh5 Kb6 42.Ke2 Ka5
43.Bf7 Ng2 44.Be8 Ba7 45.Bd7 b4 46.cxb4+ Kxb4 47.Be6 Kc3 48.Bd7 Kc2 49.Ba4+ Kc1
50.Bd7 Kc2 51.Ba4+ Kc3 52.Bd7 Bb6 53.Be8 Ne3 54.Nf2 Nc2 55.Nd1+ Kb4 56.Kd3 Ne1+
57.Ke2 Ng2 58.Nb2 Nf4+ 59.Kd2 Ba5 60.Bf7 Kc5+ 61.Ke3 Bb6 62.Nd3+ Kd6+ 63.Kd2 Nh3
64.Bh5 Nf4 65.Nxf4 gxf4 66.Ke1  1/2-1/2

[Event "3rd LUC Open"]
[Site "Lille FRA"]
[Date "2012.04.28"]
[Round "8.1"]
[White "Vaibhav,S"]
[Black "Manolache,M"]
[Result "1-0"]
[WhiteElo "2494"]
[BlackElo "2561"]

1.e4 g6 2.d4 Bg7 3.Nc3 d6 4.Be3 a6 5.a4 Nf6 6.h3 O-O 7.Nf3 Nc6 8.Qd2 a5 9.O-O-O Nb4
10.e5 Nfd5 11.Nxd5 Nxd5 12.Bh6 Bf5 13.h4 dxe5 14.Bxg7 Kxg7 15.dxe5 Nb4 16.Nd4 Qd7
17.Bb5 c6 18.Bc4 Bd3 19.Nf3 c5 20.b3 h5 21.Bxd3 c4 22.Be4 Qc7 23.Qd7 Qc5
24.Qd4 Rac8 25.Qxc5 Rxc5 26.Kd2 f5 27.exf6+ exf6 28.c3 Na2 29.Nd4 Rd8 30.Kc2 Re8
31.Bc6 Rxc6 32.Nxc6 Re2+ 33.Rd2 cxb3+ 34.Kd3 Rxd2+ 35.Kxd2 bxc6 36.Rb1  1-0

[Event "GP FFE 2nd stage"]
[Site "Nancy FRA"]
[Date "2012.04.28"]
[Round "1"]
[White "Baskin,R"]
[Black "Fressinet,L"]
[Result "0-1"]
[WhiteElo "2036"]
[BlackElo "2693"]

1.e4 d6 2.d4 g6 3.Nc3 Bg7 4.f4 a6 5.a4 Nf6 6.Nf3 O-O 7.Bd3 Nc6 8.O-O Bg4
9.Be3 e5 10.dxe5 dxe5 11.Qe1 Bxf3 12.Rxf3 exf4 13.Rxf4 Nh5 14.Rf1 Ne5 15.Be2 Nf6
16.Rd1 Qe7 17.Nd5 Nxd5 18.exd5 Rfe8 19.Bd4 Nd7 20.Bxg7 Kxg7 21.Bf3 Qxe1 22.Rfxe1 a5
23.Rxe8 Rxe8 24.Kf2 f5 25.Rd3 Nc5 26.Rc3 b6 27.b3 Kf6 28.g3 Re5 29.Rc4 g5
30.h4 h6 31.Rd4 Ke7 32.Bd1 Re4 33.c3 Rxd4 34.cxd4 Ne4+ 35.Kf3 Nc3 36.Bc2 Kf6
37.hxg5+ hxg5 38.g4 fxg4+ 39.Kxg4 Nxd5  0-1

[Event "Nakhchivan Open 2012"]
[Site "Nakhchivan AZE"]
[Date "2012.04.29"]
[Round "2.6"]
[White "Filippov,An UZB"]
[Black "Azaladze,S"]
[Result "1/2-1/2"]
[WhiteElo "2637"]
[BlackElo "2419"]

1.e4 g6 2.d4 Bg7 3.Nc3 d6 4.Nf3 Nf6 5.Be2 O-O 6.O-O c6 7.h3 Qc7 8.Bf4 Nbd7
9.e5 dxe5 10.Nxe5 Qb6 11.Nc4 Qd8 12.Qd2 Nd5 13.Bh6 Nxc3 14.bxc3 b6 15.Bxg7 Kxg7
16.Ne3 Nf6 17.Bf3 Ba6 18.Rfe1 Rc8 19.Ng4 Nxg4 20.hxg4 e6 21.Re5 h6 22.a4 Bc4
23.Rd1 Qf6 24.Be2 Bxe2 25.Qxe2 Rfd8 26.c4 Rd7 27.c3 Rcd8 28.a5 c5 29.axb6  1/2-1/2

[Event "ch-LAT 2012"]
[Site "Riga LAT"]
[Date "2012.04.29"]
[Round "1"]
[White "Lavendelis,E"]
[Black "Stepins,E"]
[Result "1-0"]
[WhiteElo "2347"]
[BlackElo "2082"]

1.e4 d6 2.d4 g6 3.Nc3 Bg7 4.Be3 a6 5.a4 b6 6.f4 Nf6 7.Nf3 Bb7 8.Bd3 e6 9.h3 d5
10.e5 Nfd7 11.a5 c5 12.axb6 cxd4 13.Bxd4 Nc6 14.Bf2 Nxb6 15.Qe2 Nd7 16.O-O Nb4
17.g4 h5 18.Nd4 Qc7 19.Bxg6 fxg6 20.Nxe6 Qc6 21.Nxg7+ Kf8 22.Bd4 Kxg7 23.e6+ Kg8
24.exd7 Rh7 25.f5 hxg4 26.fxg6 Rxd7 27.Qe5  1-0

[Event "Copenhagen Chess Challenge 2012"]
[Site "Ballerup DEN"]
[Date "2012.05.03"]
[Round "3"]
[White "Eriksson,C"]
[Black "Tandrup,M"]
[Result "1/2-1/2"]
[WhiteElo "2149"]
[BlackElo "1967"]

1.e4 g6 2.d4 Bg7 3.Nc3 d6 4.Nf3 a6 5.a4 Nc6 6.Bc4 Nf6 7.h3 Nxe4 8.Bxf7+ Kxf7
9.Nxe4 Rf8 10.c3 Kg8 11.Bg5 Qe8 12.d5 Ne5 13.Nxe5 Bxe5 14.Bh6 Bg7 15.Bxg7 Kxg7
16.O-O e5 17.dxe6 Qxe6 18.Re1 Qf5 19.Qd4+ Kg8 20.Re2 Bd7 21.Ng3 Qf7 22.Rae1 Rae8
23.Rxe8 Bxe8 24.Ne4 Bc6 25.Ng5 Qd5 26.Qg4 Qf5 27.Qh4 h6 28.Nf3 Bxf3 29.gxf3 Qxf3
30.Re3 Qf4 31.Qxf4 Rxf4 32.Re7 Rf7 33.Re6 Kg7 34.Kg2 Rd7 35.f4 Rf7 36.Kg3 Rf6
37.Re7+ Rf7 38.Re6 Rf6 39.Re8 Rf7 40.Re6 Rf6 41.Re7+  1/2-1/2

[Event "Nakhchivan Open 2012"]
[Site "Nakhchivan AZE"]
[Date "2012.05.03"]
[Round "6.10"]
[White "Asgarov,M"]
[Black "Azaladze,S"]
[Result "0-1"]
[WhiteElo "2257"]
[BlackElo "2419"]

1.e4 g6 2.d4 Bg7 3.Nc3 d6 4.Nf3 Nf6 5.Be2 O-O 6.O-O c6 7.a4 Qc7 8.h3 e5 9.Be3 exd4
10.Nxd4 Re8 11.Bd3 Nbd7 12.Nb3 b6 13.Qd2 Bb7 14.Rad1 Rad8 15.Bf4 a6 16.Rfe1 b5
17.axb5 cxb5 18.f3 b4 19.Nb1 a5 20.Qf2 Nh5 21.Bg5 Bxb2 22.Bxd8 Rxd8 23.Bb5 Be5
24.Bxd7 Rxd7 25.Qa7 a4 26.Na5 Bc8 27.Qxc7 Rxc7 28.Nd2 Ba6 29.Nf1 Rxc2 30.Ne3 Rc5
31.Rd5 Nf4 32.Rxc5 dxc5 33.Nc6 Bc3 34.Rd1 a3 35.Rd8+ Kg7 36.Ne7 Bd4  0-1

[Event "ch-SRB 2012"]
[Site "Vrnjacka Banja SRB"]
[Date "2012.05.03"]
[Round "11"]
[White "Sedlak,N"]
[Black "Popovic,Du"]
[Result "1/2-1/2"]
[WhiteElo "2593"]
[BlackElo "2561"]

1.e4 g6 2.d4 Bg7 3.Nc3 d6 4.Be3 a6 5.Qd2 Nd7 6.f3 b5 7.h4 h5 8.Nh3 Bb7 9.Ng5 Ngf6
10.a4 b4 11.Nd1 a5 12.c3 bxc3 13.bxc3  1/2-1/2

[Event "Copenhagen Chess Challenge 2012"]
[Site "Ballerup DEN"]
[Date "2012.05.04"]
[Round "4"]
[White "Minko,V"]
[Black "Haub,TM"]
[Result "0-1"]
[WhiteElo "2188"]
[BlackElo "2476"]

1.d4 g6 2.e4 Bg7 3.Nc3 d6 4.Nf3 a6 5.a4 b6 6.Be3 e6 7.Qd2 h6 8.h3 Nd7 9.Bd3 Ne7
10.O-O Kf8 11.e5 Bb7 12.exd6 cxd6 13.Be4 Bxe4 14.Nxe4 d5 15.Ng3 Kg8 16.Qd3 Kh7
17.h4 Nc6 18.Nh5 e5 19.Nxg7 e4 20.Qc3 Rc8 21.Nh2 Kxg7 22.h5 gxh5 23.Qd2 Nf6
24.f4 Ng4 25.f5 Qf6 26.Nxg4 hxg4 27.g3 Kh7 28.Kg2 Ne7 29.Bf4 Rhg8 30.Bxh6 Nxf5
31.Bf4 Qxd4 32.Qe2 Qxb2 33.Rh1+ Kg7 34.Rac1 Qc3 35.Qxg4+ Kf6 36.Qe2 Rxg3+  0-1

[Event "14th Salou Open"]
[Site "Salou ESP"]
[Date "2012.05.04"]
[Round "2.1"]
[White "Fedorchuk,S"]
[Black "Jimenez Martinez,Jo"]
[Result "1-0"]
[WhiteElo "2634"]
[BlackElo "2276"]

1.e4 d6 2.d4 g6 3.Nc3 Bg7 4.Be3 a6 5.h4 h5 6.Qd2 b5 7.f3 Nd7 8.Nh3 Bb7 9.Ng5 c5
10.a4 Qa5 11.dxc5 b4 12.Nd5 dxc5 13.O-O-O e6 14.Nf4 Ngf6 15.Nfxe6 fxe6 16.Nxe6 Bf8
17.Bg5 Qxa4 18.Nc7+ Kd8 19.Bxf6+ Kxc7 20.Qf4+ Kb6 21.Bxh8 Ne5 22.Bxe5 Bh6
23.Qxh6  1-0

[Event "Copenhagen Chess Challenge 2012"]
[Site "Ballerup DEN"]
[Date "2012.05.05"]
[Round "6"]
[White "Kokholm,D"]
[Black "Haub,TM"]
[Result "0-1"]
[WhiteElo "1925"]
[BlackElo "2476"]

1.Nc3 d6 2.e4 g6 3.d4 Bg7 4.h4 h6 5.h5 g5 6.Be3 c6 7.Qd2 Nd7 8.Bc4 Ngf6 9.f3 d5
10.Bb3 Nb6 11.e5 Nh7 12.Nd1 Nc4 13.Qd3 Be6 14.Bc1 Qd7 15.Ne3 Nxe3 16.Bxe3 Bf5
17.Qd2 f6 18.g4 Be6 19.exf6 exf6 20.Ne2 f5 21.gxf5 Bxf5 22.Ng3 Be6 23.O-O-O O-O-O
24.Qa5 Kb8 25.c3 Bf8 26.Rdf1 Bd6 27.Ne2 Rde8 28.Bf2 Bf5 29.Re1 Bd3 30.Bd1 Qf5
31.Kd2 Qxf3 32.Rhf1 Bb5 33.b4 Qd3+ 34.Kc1 Rxe2  0-1

[Event "Nakhchivan Open 2012"]
[Site "Nakhchivan AZE"]
[Date "2012.05.05"]
[Round "8.10"]
[White "Abdulov,Or"]
[Black "Azaladze,S"]
[Result "1/2-1/2"]
[WhiteElo "2387"]
[BlackElo "2419"]

1.e4 g6 2.d4 Bg7 3.Nc3 d6 4.f4 Nc6 5.Be3 Nf6 6.Be2 e6 7.e5 Nd5 8.Nxd5 exd5
9.Nf3 f6 10.exf6 Qxf6 11.c3 Bf5 12.O-O O-O 13.Bf2 Rae8 14.Bh4 Qe6 15.Re1 Qe3+  1/2-1/2

[Event "MMM Open 2012"]
[Site "Krakow POL"]
[Date "2012.05.06"]
[Round "9.9"]
[White "Byrka,J"]
[Black "Betkowski,A"]
[Result "1-0"]
[WhiteElo "1959"]
[BlackElo "2186"]

1.e4 g6 2.d4 Bg7 3.Nc3 d6 4.Be3 a6 5.Qd2 Nd7 6.O-O-O b5 7.Kb1 Bb7 8.f3 c6
9.h4 h5 10.Nh3 Ngf6 11.Ng5 Qc7 12.Rg1 Nb6 13.Qf2 b4 14.Ne2 a5 15.Nc1 Ba6
16.g4 Na4 17.gxh5 Nxh5 18.f4 Bf6 19.f5 gxf5 20.Qxf5 Ng7 21.Qg4 c5 22.e5 dxe5
23.Ne4 Rxh4 24.Nxf6+  1-0

[Event "Asian Continental 2012"]
[Site "Ho Chi Minh City VIE"]
[Date "2012.05.08"]
[Round "4.1"]
[White "Yu Yangyi"]
[Black "Liu Qingnan"]
[Result "1/2-1/2"]
[WhiteElo "2626"]
[BlackElo "2483"]

1.e4 d6 2.d4 g6 3.Nc3 Bg7 4.Be3 a6 5.f4 b5 6.Bd3 Bb7 7.Nf3 Nf6 8.a3 Nbd7
9.Qe2 c5 10.dxc5 dxc5 11.e5 c4 12.exf6 Nxf6 13.Bxc4 bxc4 14.Bd4 Qc7 15.Be5 Qc5
16.O-O-O O-O 17.Rd4 Bxf3 18.Qxf3 Rad8 19.Rhd1 Rxd4 20.Rxd4 h5 21.h3 h4 22.Kb1 Nh5
23.Ne4 Qb5 24.Nc3 Qc5 25.Qd5 Qxd5 26.Nxd5 f6 27.Nxe7+ Kf7 28.Bd6 Rd8 29.Nc6 Rd7
30.Bb8 Rxd4 31.Nxd4 Bh6 32.Ne2 Ke6 33.b4 cxb3 34.cxb3 Kf5 35.Kc2 Bxf4 36.Nxf4 Nxf4
37.Bxf4 Kxf4 38.Kd3 Ke5 39.Kc4 f5 40.b4 g5 41.Kd3 Kd5 42.a4 g4 43.Ke3 Ke5  1/2-1/2

[Event "14th Salou Open"]
[Site "Salou ESP"]
[Date "2012.05.11"]
[Round "9.5"]
[White "Vehi Bach,V"]
[Black "Martin Alvarez,I"]
[Result "1-0"]
[WhiteElo "2359"]
[BlackElo "2278"]

1.e4 d6 2.d4 g6 3.Nc3 Bg7 4.Be3 a6 5.f4 b5 6.Bd3 Nd7 7.Nf3 Bb7 8.e5 c5 9.Be4 Bxe4
10.Nxe4 Nh6 11.Qe2 cxd4 12.Bxd4 dxe5 13.fxe5 Nf5 14.O-O-O Nxd4 15.Rxd4 Qb6
16.Neg5 Nxe5 17.Qe4 Nc6 18.Rd6 Rc8 19.Nxf7 O-O 20.Qe6 Bxb2+ 21.Kxb2 exd6
22.Nxd6+ Kh8 23.Nxc8 Qc7 24.Nd6 Nb4 25.Qe5+ Kg8 26.Qe6+ Kh8 27.Rc1 Nc6 28.Ne5 Nd4
29.Qd5 Ne2 30.Nef7+ Kg8 31.Nh6+ Kg7 32.Qe5+ Kxh6 33.Nf5+  1-0